000 00491cam a2200181 4500
001 D11173
008 090401t1968 xxu||||| |||| 00| 0 eng d
035 _a(Sirsi) u97470
041 _aeng
050 _a692.5023
100 _aNeedham, Michael John
245 4 _aThe Quantity Surveyor - his development as a building cost consultant
260 _c1968
350 _a0
520 _aIn: RICS. Estates Gazette: a supplement, 8th June 1968. 1968/53
942 _n0
948 _c04/03/1997
999 _c98906
_d98906